[Event "IECC M1-2011.T015"]
[Site "IECC email"]
[Date "2011.02.24"]
[Round "?"]
[White "Kaiser, Mathew"]
[Black "Ryan, Steve"]
[Result "1-0"]
[WhiteElo "1371"]
[BlackElo "1253"]
[PlyCount "39"]
[EventDate "2011.??.??"]
[EventType "match (corr)"]
[EventRounds "2"]
[SourceTitle "Telechess CBM 145"]
[Source "Chessbase"]
[SourceDate "2011.11.11"]
[SourceVersion "1"]
[SourceVersionDate "2011.11.11"]
[SourceQuality "1"]
[WhiteTeam "US of America"]
[BlackTeam "Canada"]
[WhiteTeamCountry "USA"]
[BlackTeamCountry "CAN"]

1. d4 d5 2. c4 c6 3. e3 e6 4. cxd5 cxd5 5. Nf3 Bd6 6. Bd3 Nf6 7. Nc3 0-0 8. 0-0 Nc6 9. a3 e5 10. dxe5 Nxe5 11. Nxe5 Bxe5 12. f4 Bxc3 13. bxc3 Bg4 14. Qc2 Rc8 15. h3 Bd7 16. Bd2 Re8 17. Rab1 b6 18. Rf3 Bc6 19. Rg3 g6 20. Rf1 1-0

[Event "IECC M1-2011.T015"]
[Site "IECC email"]
[Date "2011.02.24"]
[Round "?"]
[White "Ryan, Steve"]
[Black "Kaiser, Mathew"]
[Result "0-1"]
[WhiteElo "1264"]
[BlackElo "1377"]
[PlyCount "24"]
[EventDate "2011.??.??"]
[EventType "match (corr)"]
[EventRounds "2"]
[SourceTitle "Corr 2013"]
[Source "ChessBase"]
[SourceDate "2012.11.12"]
[SourceVersion "1"]
[SourceVersionDate "2012.11.12"]
[SourceQuality "1"]
[WhiteTeam "Canada"]
[BlackTeam "US of America"]
[WhiteTeamCountry "CAN"]
[BlackTeamCountry "USA"]

1. e4 e5 2. Nf3 Nc6 3. Nc3 Nf6 4. Bd3 Be7 5. 0-0 d6 6. b3 Bg4 7. h3 h5 8. hxg4 hxg4 9. Bb2 gxf3 10. Qxf3 Nd4 11. Qd1 Kd7 12. Ne2 Rh1+ 0-1

[Event "IECC M1-2010.T095"]
[Site "IECC email"]
[Date "2010.12.19"]
[Round "?"]
[White "Kaiser, Mathew"]
[Black "Simmons, Ernest"]
[Result "1-0"]
[WhiteElo "1380"]
[BlackElo "1056"]
[PlyCount "81"]
[EventDate "2010.??.??"]
[EventType "match (corr)"]
[EventRounds "2"]
[SourceTitle "Telechess CBM 145"]
[Source "Chessbase"]
[SourceDate "2011.11.11"]
[SourceVersion "1"]
[SourceVersionDate "2011.11.11"]
[SourceQuality "1"]
[WhiteTeam "US of America"]
[BlackTeam "US of America"]
[WhiteTeamCountry "USA"]
[BlackTeamCountry "USA"]

1. d4 d5 2. c4 c6 3. e3 Nf6 4. cxd5 cxd5 5. Nc3 e6 6. a3 Nc6 7. Bb5 Bd7 8. Nf3 Be7 9. 0-0 0-0 10. Ne2 Re8 11. Bd2 a6 12. Bxc6 Bxc6 13. Ng3 b6 14. Rc1 Rc8 15. Ne5 Bb7 16. Qf3 Rf8 17. Rxc8 Bxc8 18. Nc6 Qc7 19. Rc1 Re8 20. e4 a5 21. Nxa5 Qd7 22. Nc6 Bb7 23. Nxe7+ Qxe7 24. Bg5 dxe4 25. Nxe4 Bxe4 26. Bxf6 Qxf6 27. Qxe4 g6 28. f4 Rd8 29. Rc4 Rb8 30. a4 Qe7 31. d5 Re8 32. dxe6 Qxe6 33. Qxe6 Rxe6 34. Kf2 Kg7 35. Kf3 f5 36. b4 Re7 37. b5 Rb7 38. Ke3 Kf6 39. Kd4 Rd7+ 40. Kc3 Rd5 41. Rc6+ 1-0

[Event "IECC M1-2010.T095"]
[Site "IECC email"]
[Date "2010.12.19"]
[Round "?"]
[White "Simmons, Ernest"]
[Black "Kaiser, Mathew"]
[Result "0-1"]
[WhiteElo "1061"]
[BlackElo "1363"]
[PlyCount "34"]
[EventDate "2010.??.??"]
[EventType "match (corr)"]
[EventRounds "2"]
[SourceTitle "Corr 2013"]
[Source "ChessBase"]
[SourceDate "2012.11.12"]
[SourceVersion "1"]
[SourceVersionDate "2012.11.12"]
[SourceQuality "1"]
[WhiteTeam "US of America"]
[BlackTeam "US of America"]
[WhiteTeamCountry "USA"]
[BlackTeamCountry "USA"]

1. d4 d5 2. c4 e6 3. Nc3 Bb4 4. Bd2 Nf6 5. e3 b6 6. Bd3 dxc4 7. Bxc4 Bb7 8. a3 Bxc3 9. Bxc3 Bxg2 10. Be2 Bxh1 11. Bf3 Bxf3 12. Qxf3 Nd5 13. Bd2 Qf6 14. Qg2 Qg6 15. Qf1 0-0 16. Nf3 Qc2 17. Ra2 Qb1+ 0-1

[Event "IECC M1-2010.T056"]
[Site "IECC email"]
[Date "2010.07.10"]
[Round "?"]
[White "Von Rosenberg, Clemens"]
[Black "Kaiser, Mathew"]
[Result "1-0"]
[WhiteElo "1424"]
[BlackElo "1271"]
[PlyCount "55"]
[EventDate "2010.??.??"]
[EventType "match (corr)"]
[EventRounds "2"]
[SourceTitle "Telechess CBM 149"]
[Source "ChessBase"]
[SourceDate "2012.07.17"]
[SourceVersion "1"]
[SourceVersionDate "2012.07.17"]
[SourceQuality "1"]
[WhiteTeam "Germany"]
[BlackTeam "US of America"]
[WhiteTeamCountry "GER"]
[BlackTeamCountry "USA"]

1. e4 c5 2. Nf3 Nc6 3. d4 cxd4 4. Nxd4 e5 5. Nb5 d6 6. c4 a6 7. N5c3 Nf6 8. h3 Be7 9. Be3 0-0 10. Be2 Qc7 11. Nd2 Be6 12. 0-0 Qd7 13. Nf3 Bxh3 14. gxh3 Qxh3 15. Ne1 Qd7 16. Nd5 Qe6 17. Nc7 Qh3 18. Nxa8 Nd4 19. Bxd4 exd4 20. Nb6 Nxe4 21. Nd5 Bf6 22. Nxf6+ gxf6 23. Qxd4 Re8 24. Ng2 Ng5 25. Qxf6 h6 26. Nf4 Nf3+ 27. Bxf3 Qxf3 28. Kh2 1-0

[Event "IECC M1-2010.T046"]
[Site "IECC email"]
[Date "2010.06.18"]
[Round "?"]
[White "Phillips, David A"]
[Black "Kaiser, Mathew"]
[Result "0-1"]
[WhiteElo "1235"]
[BlackElo "1253"]
[PlyCount "80"]
[EventDate "2010.??.??"]
[EventType "match (corr)"]
[EventRounds "2"]
[SourceTitle "Corr 2013"]
[Source "ChessBase"]
[SourceDate "2012.11.12"]
[SourceVersion "1"]
[SourceVersionDate "2012.11.12"]
[SourceQuality "1"]
[WhiteTeam "US of America"]
[BlackTeam "US of America"]
[WhiteTeamCountry "USA"]
[BlackTeamCountry "USA"]

1. e4 c5 2. Nf3 Nc6 3. Bb5 g6 4. 0-0 Bg7 5. Bxc6 bxc6 6. d3 d5 7. c3 Bg4 8. h3 dxe4 9. dxe4 Qxd1 10. Rxd1 Bxf3 11. gxf3 f5 12. Be3 c4 13. Na3 fxe4 14. fxe4 Nf6 15. f3 0-0 16. Nxc4 Rab8 17. Bxa7 Rb7 18. Bc5 Nd7 19. Bd4 Rxf3 20. Bxg7 Kxg7 21. Kg2 Rf4 22. Rd4 e5 23. Rd6 c5 24. Re1 Nf6 25. Re2 Nxe4 26. Rc6 Nxc3 27. bxc3 Rxc4 28. Rxe5 Rb2+ 29. Kf3 Rxc3+ 30. Re3 Rxe3+ 31. Kxe3 Rxa2 32. Rxc5 Ra3+ 33. Ke4 Rxh3 34. Kd4 h5 35. Rg5 Rf3 36. Ke4 Rf8 37. Rg1 Kh6 38. Ke3 h4 39. Ke2 Kh5 40. Rg2 g5 0-1